[Event "Cappelle Online Rapid op"]
[Site "Europe Echecs INT"]
[Date "2021.03.06"]
[Round "4"]
[White "Farthouat, Titoine"]
[Black "Perez, Eric"]
[Result "1-0"]
[WhiteElo "1652"]
[BlackElo "1371"]
[PlyCount "99"]
[EventDate "2021.03.06"]
[EventType "swiss (rapid)"]
[EventRounds "9"]
[EventCountry "FRA"]
[SourceTitle "CBM 201 Extra"]
[Source "ChessBase"]
[SourceDate "2021.05.31"]
[SourceVersion "1"]
[SourceVersionDate "2021.05.31"]
[SourceQuality "1"]

1. e4 c5 2. Nf3 d6 3. d4 cxd4 4. Nxd4 Nf6 5. Nc3 a6 6. Be3 e6 7. Be2 Be7 8. 0-0 Nbd7 9. f4 0-0 10. Bf3 Rb8 11. Nb3 b5 12. a3 Qc7 13. Qe2 Bb7 14. Rad1 Nc5 15. Bf2 Nxb3 16. cxb3 Rfd8 17. Rc1 Qd7 18. Rfd1 Rbc8 19. Bb6 Re8 20. e5 Bxf3 21. Qxf3 Nd5 22. Nxd5 exd5 23. Qxd5 Rxc1 24. Rxc1 Bd8 25. Bc5 Bc7 26. exd6 Bxd6 27. Qxd6 Qf5 28. Rd1 Qc2 29. Qd4 h6 30. Bb4 Re2 31. Qd8+ Kh7 32. Qd3+ Kg8 33. Qxc2 Rxc2 34. Rd2 Rxd2 35. Bxd2 Kh7 36. Kf2 Kg6 37. Kf3 Kf5 38. g4+ Ke6 39. Ke4 g6 40. f5+ gxf5+ 41. gxf5+ Kd7 42. Ke5 Ke7 43. f6+ Kd7 44. h4 Kc6 45. h5 Kc5 46. Bxh6 b4 47. a4 a5 48. Be3+ Kc6 49. h6 Kd7 50. h7 1-0

[Event "Cappelle Online Rapid op"]
[Site "Europe Echecs INT"]
[Date "2021.03.06"]
[Round "3"]
[White "Perez, Eric"]
[Black "Remtoula, Jamal"]
[Result "1-0"]
[WhiteElo "1371"]
[BlackElo "1070"]
[PlyCount "35"]
[EventDate "2021.03.06"]
[EventType "swiss (rapid)"]
[EventRounds "9"]
[EventCountry "FRA"]
[SourceTitle "CBM 201 Extra"]
[Source "ChessBase"]
[SourceDate "2021.05.31"]
[SourceVersion "1"]
[SourceVersionDate "2021.05.31"]
[SourceQuality "1"]

1. e4 e5 2. Nf3 Nc6 3. Bc4 Nf6 4. d4 exd4 5. Nxd4 Nxe4 6. Nxc6 bxc6 7. Qe2 d5 8. Bd3 Bf5 9. Nc3 Qe7 10. f3 Qh4+ 11. Kf1 Bc5 12. Nxe4 dxe4 13. fxe4 Qg5 14. Bxg5 0-0 15. exf5 Rfe8 16. Qd2 h6 17. Bh4 Rad8 18. f6 1-0

[Event "Condom op-B"]
[Site "Condom"]
[Date "2009.07.16"]
[Round "7"]
[White "Labat, Axel"]
[Black "Perez, Eric"]
[Result "0-1"]
[WhiteElo "1530"]
[BlackElo "1440"]
[PlyCount "68"]
[EventDate "2009.07.11"]
[EventType "swiss"]
[EventRounds "9"]
[EventCountry "FRA"]
[SourceTitle "CBM 131 Extra"]
[Source "ChessBase"]
[SourceDate "2009.09.03"]
[SourceVersion "2"]
[SourceVersionDate "2009.09.16"]
[SourceQuality "1"]

1. d4 Nf6 2. c4 c5 3. e3 b5 4. Nc3 d6 5. Nxb5 cxd4 6. exd4 g6 7. Qa4 Bd7 8. Bd2 Nc6 9. Nf3 a6 10. Nc3 Nxd4 11. Qd1 Nxf3+ 12. Qxf3 Qb8 13. b3 Bg7 14. Rc1 0-0 15. Nd5 Rc8 16. Be3 Bc6 17. Rd1 Kh8 18. Qe2 Nxd5 19. cxd5 Bb5 20. Qf3 Bxf1 21. Kxf1 Rc2 22. Rd2 Qc7 23. Qe2 Rc8 24. g3 Qc3 25. Rxc2 Qxc2 26. Qxa6 Qd1+ 27. Kg2 Qxd5+ 28. Kg1 Ra8 29. Qb6 Bf6 30. Bh6 Bd4 31. Qb4 Bxf2+ 32. Kxf2 Qxh1 33. Qd4+ f6 34. Qe3 Rxa2+ 0-1